Silk: biology, chemistry technology

Guardat en:
Dades bibliogràfiques
Autor principal: Carboni, Paolo (Autor)
Format: Llibre
Idioma:espanyol
Publicat: Londres Chapman & Hall 1952
Matèries:
Etiquetes: Afegir etiqueta
Sense etiquetes, Sigues el primer a etiquetar aquest registre!

MARC

LEADER 00000nam a2200000 a 4500
001 UCU7760
003 CL-VaPUC
008 960705e19520000UK |||||||||||||||||spa|d
082 0 4 |a 677.39  |b CAR  |2 21 
100 0 |a Carboni, Paolo  |e author  |9 366814 
245 1 0 |a Silk: biology, chemistry technology 
300 |a 248 p 
942 |c BK 
945 |d 19960705 00:00:00  |a paguirre 
260 |a Londres  |b Chapman & Hall  |c 1952 
650 7 |a SEDA  |2 CL-VaPUC  |9 366815 
650 7 |a FIBRAS NATURALES  |2 CL-VaPUC  |9 366816 
650 7 |a FIBRAS  |2 CL-VaPUC  |9 366817 
650 0 |a Procesos industriales  |9 334036 
583 |a last modification  |c 19960705 00:00:00  |k Rodrigo Vera 
999 |c 250340  |d 250338 
952 |0 0  |1 0  |4 0  |6 677_390000000000000_CAR_1952  |7 0  |8 A  |9 268272  |a BIBING  |b BIBING  |d 2019-11-19  |i 170091K  |o 677.39 CAR 1952  |p 170091K  |r 2025-01-20  |w 2019-11-19  |y BK  |k EIQ